banner-ar

CAIRO (Record no. 25769)

MARC details
000 -الفاتح
حقل البيانات ثابتة الطول 00365nam a2200169Ia 4500
008 - عناصر البيانات ثابتة الطول - معلومات عامة
حقل البيانات ثابتة الطول 140319s9999 xx 000 0 eng d
040 ## - مصدر الفهرسة
وكالة الفهرسة الأصلية GCL /
وكالة النسخ GCL
082 04 - رقم تصنيف ديوى العشرى
رقم التصنيف M
رقم المادة CAIRO
245 10 - بيان العنوان
العنوان CAIRO
650 04 - المدخل الاضافى بالموضوع-مصطلح موضوعى
مصطلح موضوعي CAIRO
650 04 - المدخل الاضافى بالموضوع-مصطلح موضوعى
مصطلح موضوعي MAHMACHEH
650 04 - المدخل الاضافى بالموضوع-مصطلح موضوعى
مصطلح موضوعي JARDIN DE EZHEKIEA
650 04 - المدخل الاضافى بالموضوع-مصطلح موضوعى
مصطلح موضوعي BAB EL NASR
942 ## - عناصر المدخل الإضافي( كوها)
مصدر التصنيف او مخطط الترفيف Dewey Decimal Classification
Koha [default] item type خرائط
260 ## - PUBLICATION, DISTRIBUTION, ETC. (IMPRINT)
-- [S.N] :
-- NONE
Holdings
حالة التراجع حالة الفقد حالة تلف ليس للاعارة المكان المؤقت الموقع الحالى تاريخ الاكتساب اجمالي اﻻعارات رقم الطلب الباركود تاريخ اخر مشاهدة تاريخ تفعيل السعر نوع وعاء كوها
        مكتبة القاهرة الكبرى مكتبة القاهرة الكبرى 03/26/2014   M\CAIRO 45346 03/26/2014 03/26/2014 خرائط
        مكتبة القاهرة الكبرى مكتبة القاهرة الكبرى 03/26/2014   M\CAIRO 45347 03/26/2014 03/26/2014 خرائط
        مكتبة القاهرة الكبرى مكتبة القاهرة الكبرى 03/26/2014   M\CAIRO 45348 03/26/2014 03/26/2014 خرائط

Powered By

EGPV